00879nam a2200253Ia 450000500170000000800410001702000180005804100080007608200170008410000340010124501200013525000200025530000250027550000520030065000380035265000320039094200120042226400530043433600270048733700330051433800280054704000350057599900150061020220317001850.0170410s2004 c g 000 0 s  a9789589220153 aspa04a519.72bM67p1 aMora Escobar, Héctor Manuel10aProgramación linealcHéctor Manuel Mora Escobar ; editor Facultad de Ciencias, Universidad Nacional de Colombia a2a. impresión a282 páginasc24 cm aIncluye bibliografía e íncdice alfabético142LEMBaInvestigación operacional142LEMBaProgramación lineal 2ddccBK aBogotábUniversidad Nacional de Colombiac2004 atextobtxt2rdacontent asin mediaciónbn2rdamedia avolumenbnc2rdacarrier aCO-BoRNBPbspaerdacCO-BoRNBP c8355d8355